The properties, physics, and design of semiconductor devices

Saved in:
Bibliographic Details
Main Author: Shive, John N.
Format: Book
Language:Undetermined
Published: New York D. Van Nostrand Company,Inc 1959
Subjects:
Tags: Add Tag
No Tags, Be the first to tag this record!
Institutions: Trung tâm Học liệu Trường Đại học Cần Thơ
LEADER 00516nam a2200181Ia 4500
001 CTU_82946
008 210402s9999 xx 000 0 und d
082 |a 537.6 
082 |b S337 
100 |a Shive, John N. 
245 4 |a The properties, physics, and design of semiconductor devices 
245 0 |c John N. Shive 
260 |a New York 
260 |b D. Van Nostrand Company,Inc 
260 |c 1959 
650 |a Semiconductor 
904 |i QHieu(sửa) 
980 |a Trung tâm Học liệu Trường Đại học Cần Thơ